| 000 | 01398cam a2200385 a 4500 | ||
|---|---|---|---|
| 001 | 15986702 | ||
| 003 | OSt | ||
| 005 | 20170105102900.0 | ||
| 008 | 091117s2010 enka b 001 0 eng | ||
| 010 | _a 2009047774 | ||
| 015 |
_aGBA900948 _2bnb |
||
| 016 | 7 |
_a014864444 _2Uk |
|
| 020 | _a9780415485357 (hardcover) | ||
| 020 | _a0415485355 (hardcover) | ||
| 020 | _a9780203851159 (ebook) | ||
| 020 | _a0203851153 (ebook) | ||
| 035 | _a(OCoLC)ocn473118098 | ||
| 040 |
_aDLC _beng _cDLC _dBWKUK _dBWK _dUKM _dYDXCP _dCDX _dOCLCQ _dDLC |
||
| 050 | 0 | 0 |
_aJZ5588 _b.R493 2010 |
| 082 | 0 | 0 |
_a355.033 _222 _bRET 2010 |
| 245 | 0 | 0 |
_aRethinking security governance : _bthe problem of unintended consequences / _cedited by Christopher Daase and Cornelius Friesendorf. |
| 260 |
_aLondon ; _aNew York : _bRoutledge, _c2010. |
||
| 300 |
_axvi, 223 p. : _bill. ; _c24 cm. |
||
| 490 | 1 | _aContemporary security studies | |
| 504 | _aIncludes bibliographical references and index. | ||
| 650 | 0 | _aSecurity, International. | |
| 650 | 0 |
_aInternal security _xGovernment policy. |
|
| 650 | 0 |
_aSecurity, International _xMethodology. |
|
| 700 | 1 | _aDaase, Christopher. | |
| 700 | 1 | _aFriesendorf, Cornelius. | |
| 830 | 0 | _aContemporary security studies. | |
| 906 |
_a7 _bcbc _corignew _d1 _eecip _f20 _gy-gencatlg |
||
| 942 |
_2ddc _cBK |
||
| 999 |
_c14624 _d14624 |
||